|
|
|
|
| LEADER |
01299nam a2200313 a 4500 |
| 001 |
c000163068 |
| 003 |
CARM |
| 005 |
20030408131332.0 |
| 008 |
770308s1976 ctu bc 000 0 eng |
| 010 |
|
|
|a 77003707 //r842
|
| 019 |
1 |
|
|a 857546
|5 LACONCORD2021
|
| 020 |
|
|
|a 0917590023 :
|c $4.00
|
| 035 |
|
|
|a (OCoLC)2836963
|5 LACONCORD2021
|
| 040 |
|
|
|a LC
|b eng
|c LC
|d LC
|
| 043 |
|
|
|a n-us---
|
| 050 |
0 |
0 |
|a Z1231.P7
|b A43
|a PS325
|
| 082 |
0 |
4 |
|a 016.811/5/4
|
| 100 |
1 |
|
|a Akeroyd, Joanne V.
|
| 245 |
1 |
0 |
|a Where are their papers? :
|b a union list locating the papers of forty-two contemporary American poets and writers /
|c by Joanne Vinson Akeroyd ; with George F. Butterick.
|
| 260 |
|
|
|a Storrs :
|b University of Connecticut Library,
|c 1976.
|
| 300 |
|
|
|a 75 p. ;
|c 23 cm.
|
| 490 |
1 |
|
|a Bibliography series ; no. 9
|
| 650 |
|
0 |
|a American poetry
|y 20th century
|x Bibliography
|v Union lists.
|
| 650 |
|
0 |
|a Catalogs, Union
|z United States.
|
| 700 |
1 |
|
|a Butterick, George F,
|e joint author.
|
| 830 |
|
0 |
|a Bibliography series (University of Connecticut. Library) ;
|v no. 9.
|
| 852 |
8 |
|
|b CARM
|h A2:AJ16B0
|i B05184
|p 0222294
|f BK
|
| 999 |
f |
f |
|i 02ab1efa-df2c-5f3f-a829-5241c2e2078f
|s 45fac8a7-a77a-5a3b-adcb-2578cf074c5b
|
| 952 |
f |
f |
|p Can circulate
|a CAVAL
|b CAVAL
|c CAVAL
|d CARM 1 Store
|e B05184
|f A2:AJ16B0
|h Other scheme
|i book
|m 0222294
|